| 000 | nam a22 7a 4500 | ||
|---|---|---|---|
| 999 |
_c129537 _d129537 |
||
| 008 | 190430b xxu||||| |||| 00| 0 eng d | ||
| 020 | _a0-268-00718-7 | ||
| 050 | _aBV213.CH6 | ||
| 100 |
_aGallen, John (ed.) _946167 |
||
| 245 |
_aChristians at prayer _c/ edited by John Gallen |
||
| 260 |
_aIndiana: _b University of Notre Dame Press, _c1977. |
||
| 300 |
_axii, 160p. ; _c24cm. |
||
| 650 |
_aPrayer _xaddreses, essays, lectures _946168 |
||
| 942 |
_2lcc _cMONOGRAPH |
||